=LDR 00000nam 2200000 4500 =001 NUTBA000000000004827 =005 20141009095707.0 =006 =007 =008 =020 ##$$a 978-602-9227-18-5 =035 ##$$a 0010-101400000000057 =040 ##$$a NBPDMAT =090 ##$$a 959.8 $b And k =100 ##$$a Andarini Saptika =245 ##$$a Kerajaan di Indonesia/ $c Andarini Saptika; editor, Morino Cindo =250 ##$$a Cet.3 =260 ##$$a Jakarta : $b Wadah Ilmu, $c 2012 =300 ##$$a vi, 79 hlm. : $b ilus. ; $c 24 cm. =500 ##$$a Bibilografi : hlm. 79 =650 ##$$a Indonesia - Kerajaan =700 ##$$a Morino Cindo =850 ##$$a NBPDMAT